000 00425nam a22001697a 4500
003 OSt
005 20211022150533.0
008 211022b |||||||| |||| 00| 0 eng d
020 _a1-870343-35-2
040 _cHawassa university
050 _a632.954/HOL
082 _a632.954/HOL
100 _aHolbrook jack
_915098
245 _aDeveloping a new herbicide
260 _aLondon
_bThe royal
_c1991
942 _2ddc
_cBOOKS
_n0
999 _c14438
_d14438